书目信息 |
| 题名: |
中国工人运动史话
|
|
| 作者: | 史兵 著 | |
| 分册: | 第二集 | |
| 出版信息: | 北京 工人出版社 1985.04 |
|
| 页数: | 288页 | |
| 开本: | 19cm | |
| 丛书名: | ||
| 单 册: | ||
| 中图分类: | K261.3 | |
| 科图分类: | ||
| 主题词: | 中国--历史 | |
| 电子资源: | ||
| ISBN: | ||
| 000 | 00560nam0 2200205 45 | |
| 001 | 0312011670 | |
| 005 | 20031217145237.6 | |
| 010 | @dCNY1.40 | |
| 091 | @a11007.18 | |
| 100 | @a20031201d1985 km y0chiy0120 ea | |
| 101 | 0 | @achi |
| 105 | @a z 000yy | |
| 200 | 1 | @a中国工人运动史话@h第二集@AZhong Guo Gong Ren Yun Dong Shi Hua@f史兵著@FShi Bing Zhu |
| 210 | @a北京@c工人出版社@d1985.04 | |
| 215 | @a288页@d19cm | |
| 606 | 0 | @a中国@x历史 |
| 690 | @aK261.3@v3 | |
| 701 | 0 | @a史兵@4著 |
| 801 | @aCN@bPftUser@c20031201 | |
| 905 | @dK261.3@e44:2@f2@b139143-144 | |
| 中国工人运动史话.第二集/史兵著.-北京:工人出版社,1985.04 |
| 288页;19cm |
| ISBN :CNY1.40 |
| ● |
| 相关链接 |
|
|
|
|
正题名:中国工人运动史话
索取号:K261.3/44:2
 
预约/预借
| 序号 | 登录号 | 条形码 | 馆藏地/架位号 | 状态 | 备注 |
| 1 | 0139143 | 001659912 | 密集书库/ [索取号:K261.3/44:2] | 在馆 | |
| 2 | 0139144 | 001659958 | 第二样本阅览室/ [索取号:K261.3/44:2] | 在馆 |